Восстановление изображений с помощью нейронных сетей (Запись № 1031066)

Подробности
000 -МАРКЕР
контрольное поле 03179nam0a2200421 4500
001 - ИДЕНТИФИКАТОР ЗАПИСИ
контрольное поле RU\NLR\bibl\1089264
005 - ИДЕНТИФИКАТОР ВЕРСИИ
контрольное поле 20260405135646.0
010 ## - МЕЖДУНАРОДНЫЙ СТАНДАРТНЫЙ НОМЕР КНИГИ (ISBN)
Номер (ISBN) 978-5-7339-0633-1
Тираж 100
021 ## - НОМЕР ГОСУДАРСТВЕННОЙ РЕГИСТРАЦИИ
Код страны Российская Федерация
Номер 2007-24405
Номер Листа государственной регистраци 1288
035 ## - ДРУГИЕ СИСТЕМНЫЕ НОМЕРА
Идентификатор записи (nilc)RSL-KNO-003108516
035 ## - ДРУГИЕ СИСТЕМНЫЕ НОМЕРА
Идентификатор записи (NLR Aleph) 001076414
100 ## - ДАННЫЕ ОБЩЕЙ ОБРАБОТКИ
Данные общей обработки 20070418d2007 |||y0rusy50 ca
101 0# - ЯЗЫК РЕСУРСА
Язык текста, звукозаписи и т.д. русский
102 ## - СТРАНА ПУБЛИКАЦИИ ИЛИ ПРОИЗВОДСТВА
Страна публикации Российская Федерация
105 ## - ПОЛЕ КОДИРОВАННЫХ ДАННЫХ: ТЕКСТОВЫЕ МАТЕРИАЛЫ, МОНОГРАФИЧЕСКИЕ
Кодированные данные о монографическом текстовом документе a |||||||||
200 1# - ЗАГЛАВИЕ И СВЕДЕНИЯ ОБ ОТВЕТСТВЕННОСТИ
Основное заглавие Восстановление изображений с помощью нейронных сетей
Сведения, относящиеся к заглавию учебное пособие
-- [для студентов старших курсов технических вузов по специальности "Оптические приборы и системы"]
Первые сведения об ответственности А.И. Антонец, А.В. Борошнев, А.Н. Сергиевский
Последующие сведения об ответственности Федер. агентство по образованию, Гос. образоват. учреждение высш. проф. образования "Моск. гос. ин-т радиотехники, электроники и автоматики (техн. ун-т)"
210 ## - ПУБЛИКАЦИЯ, РАСПРОСТРАНЕНИЕ И ДР.
Место издания, распространения и т.д. Москва
Имя издателя, распространителя и т. д. Московский государственный институт радиотехники, электроники и автоматики (технический университет)
Дата издания, распространения и т.д. 2007
215 ## - ФИЗИЧЕСКАЯ ХАРАКТЕРИСТИКА
Специфическое обозначение материала и объем 63 с.
Другие сведения о физической характеристике ил., цв. ил., табл.
Размеры 20
320 ## - ПРИМЕЧАНИЯ О НАЛИЧИИ В ДОКУМЕНТЕ БИБЛИОГРАФИИ / УКАЗАТЕЛЯ
Текст примечания Библиогр.: с. 61-62 (16 назв.)
606 1# - НАИМЕНОВАНИЕ ТЕМЫ КАК ПРЕДМЕТ
Наименование темы Изображения
Формальный подзаголовок Учебные издания для высших учебных заведений
Тематический подзаголовок Восстановление на нейрокомпьютерах
Системный номер авторитетной/нормативной записи 2476237
Идентификатор авторитетной/нормативной записи RU\NLR\auth\661470316
610 0# - НЕКОНТРОЛИРУЕМЫЕ ПРЕДМЕТНЫЕ ТЕРМИНЫ
Предметный термин Вычислительная техника -- Вычислительные машины электронные цифровые -- Оптоэлектронная обработка информации. Оптическая обработка изображений -- Преобразование и передача сигналов -- Лекции для высшей школы
610 0# - НЕКОНТРОЛИРУЕМЫЕ ПРЕДМЕТНЫЕ ТЕРМИНЫ
Предметный термин нейронные сети
610 0# - НЕКОНТРОЛИРУЕМЫЕ ПРЕДМЕТНЫЕ ТЕРМИНЫ
Предметный термин Радиоэлектроника -- Кибернетика -- Бионика -- Биоэлектрические модели. Нейронные сети -- Применение вычислительных машин. Нейрокомпьютеры -- Лекции для высшей школы
610 0# - НЕКОНТРОЛИРУЕМЫЕ ПРЕДМЕТНЫЕ ТЕРМИНЫ
Предметный термин нейрокомпьютеры
610 0# - НЕКОНТРОЛИРУЕМЫЕ ПРЕДМЕТНЫЕ ТЕРМИНЫ
Предметный термин оптическое восстановление изображений
686 ## - ИНДЕКСЫ ДРУГИХ КЛАССИФИКАЦИЙ
Индекс З973.28-013я73-2
Код системы
686 ## - ИНДЕКСЫ ДРУГИХ КЛАССИФИКАЦИЙ
Индекс З818.6с116я73-2
Код системы
686 ## - ИНДЕКСЫ ДРУГИХ КЛАССИФИКАЦИЙ
Индекс З973.235я73-1
700 #1 - ИМЯ ЛИЦА - ПЕРВИЧНАЯ ОТВЕТСТВЕННОСТЬ
Код отношения Автор
Графика поля Кириллица
Материалы, к которым относится поле rus
Начальный элемент ввода Антонец
Часть имени, кроме начального элемента ввода А. И.
Расширение инициалов личного имени Александр Иванович
Системный номер авторитетной/нормативной записи 38953
Идентификатор авторитетной/нормативной записи RU\NLR\auth\7756021
701 #1 - ИМЯ ЛИЦА - АЛЬТЕРНАТИВНАЯ ОТВЕТСТВЕННОСТЬ
Код отношения Автор
Графика поля Кириллица
Материалы, к которым относится поле rus
Начальный элемент ввода Борошнев
Часть имени, кроме начального элемента ввода А. В.
Расширение инициалов личного имени Алексей Владимирович
Системный номер авторитетной/нормативной записи 38955
Идентификатор авторитетной/нормативной записи RU\NLR\auth\7756023
701 #1 - ИМЯ ЛИЦА - АЛЬТЕРНАТИВНАЯ ОТВЕТСТВЕННОСТЬ
Начальный элемент ввода Сергиевский
Часть имени, кроме начального элемента ввода А. Н.
Расширение инициалов личного имени Александр Николаевич
Код отношения Автор
801 #0 - ИСТОЧНИК ЗАПИСИ
Страна Российская Федерация
Организация РКП
Дата составления 20070418
Правила каталогизации rcr
801 #1 - ИСТОЧНИК ЗАПИСИ
Страна Российская Федерация
Организация РГБ
Дата составления 20070418
801 #2 - ИСТОЧНИК ЗАПИСИ
Страна Российская Федерация
Организация NLR
Дата составления 20070521
Правила каталогизации rcr
942 ## - ДОПОЛНИТЕЛЬНЫЕ ЭЛЕМЕНТЫ ЗАПИСИ (АБИС)
Тип экземпляра АБИС Книга
980 ## - КОЛЛЕКЦИЯ
Название коллекции Национальная библиография
Экземпляры
Тип экземпляра Дата поступления Источник поступления Библиотека постоянного хранения Библиотека текущего хранения Место хранения Шифр хранения Штрих-код Статус экземпляра
Книга 21.05.2007 Обязательный экземпляр РНБ (Московский) РНБ (Московский) Русский книжный фонд: издания с 1957 года 2007-4/10676 2439222  
Книга 21.05.2007 Обязательный экземпляр РНБ (Московский) РНБ (Московский) Русский книжный фонд: издания с 1957 года 2007-4/10676 2439223